000 02543nam a2200385 a 4500
001 eep9781845424640
003 DLC
005 20210215104228.0
006 m o d
007 cr un|||||||||
008 041118s2005 enk ob 001 0 eng d
010 _a 2004058625
020 _a9781845424640 (e-book)
040 _aDLC
_cDLC
_dOCLCQ
_dC#P
_dUKM
_dBAKER
_dPMC
_dYDXCP
_dOCLCQ
_dMUQ
_dOCLCQ
_dDLC
043 _an-usp--
050 0 0 _aHD1695.W32
_bI62 2005
082 0 0 _a333.91/16/0978
_222
245 0 0 _aIn search of sustainable water management
_h[electronic resource] :
_binternational lessons for the American West and beyond /
_cedited by Douglas S. Kenney.
260 _aCheltenham, U.K. ;
_aNorthampton, Mass. :
_bEdward Elgar,
_cc2005.
300 _a1 online resource (xviii, 185 p.)
504 _aIncludes bibliographical references and index.
505 0 _aWater policy and cultural exchange : transferring lessons from around the world to the western United States / James L. Wescoat Jr -- Roles for the public and private sectors in water allocation : lessons from around the world / Charles W. Howe and Helen Ingram -- Integrating environmental and other public values in water allocation and management decisions ; Protecting indigenous rights and interests in water / David H. Getches and Sarah B. Van de Wetering -- Transboundary water conflicts and cooperation / Aaron T. Wolf -- Sustainability and the future of western water law / Lakshman Guruswamy and A. Dan Tarlock.
520 _aWater issues in the American West share many similarities with those seen elsewhere in the world as population growth exacerbates longstanding problems of inappropriate water use and management. The contributors to this timely volume examine the universal challenge of sustainable water management to improve the use of water resources already developed and find ways to moderate our growing collective thirst.
650 0 _aWater-supply
_zWest (U.S.)
_xManagement.
650 0 _aWater resources development
_zWest (U.S.)
650 0 _aSustainable development
_zWest (U.S.)
650 0 _aWater-supply
_xManagement
_vCase studies.
650 0 _aWater resources development
_vCase studies.
650 0 _aSustainable development
_vCase studies.
655 7 _aElectronic books.
_2lcsh
700 1 _aKenney, Douglas S.,
_d1964-
710 2 _aEdward Elgar Publishing.
776 1 _z1847200214 (pbk.)
_z1843769441 (cased)
_z9781843769446 (hardback)
_z9781847200211 (pbk.)
856 4 0 _uhttps://www.elgaronline.com/view/1843769441.xml
999 _c29039
_d29039